00619 a2200193 450000100060000002000150000604000240002110000300004524000320007524500270010730000070013436200090014144000120015065000310016294200070019395201040020095201040030499900170040869570 a8508042671 cAnchieta - Itaigara aRagache, Claude-Catherine10aA criação do mundolpor10aA criação do mundo a470 a1997 1aÁtica 4aLiteratura infanto-juvenil cBK 00104070a88.1b88.1d2023-11-21l0o028.5 RAG CRIp2027/ITAr2023-11-21 20:04:11w2023-11-21yBK 00104070a88.1b88.1d2023-11-21l0o028.5 RAG CRIp2028/ITAr2023-11-21 20:04:11w2023-11-21yBK c69570d69570